|
|
|
|
| LEADER |
00000nam a2200000 4500 |
| 001 |
vtls012253718 |
| 003 |
SK-MaSNL |
| 005 |
20260420122857.0 |
| 008 |
240327s2018 xxk f n 000 0 eng |
| 020 |
|
|
|a 9781138364257
|q (viazané)
|
| 020 |
|
|
|a 9780429431449
|q (ebk)
|
| 040 |
|
|
|a SNK
|b slo
|c SNK
|e rda
|
| 041 |
0 |
|
|a eng
|
| 044 |
|
|
|a xxk
|c GB
|a xxu
|c US
|
| 072 |
|
7 |
|a 342
|x Ústavné právo. Správne právo
|2 konspekt
|
| 080 |
|
|
|a 342.22
|2 2011
|
| 080 |
|
|
|a (4-191.2)
|2 2011
|
| 080 |
|
|
|a (048.83)
|2 2011
|
| 080 |
|
|
|a (0:82-4)
|2 2011
|
| 080 |
|
|
|a (082)
|2 2011
|
| 100 |
1 |
|
|a Přibáň, Jiří,
|d 1967-
|4 edt
|4 aut
|9 75401
|
| 245 |
1 |
4 |
|a The rule of law in Central Europe
|b the reconstruction of legality, constitutionalism and civil society in the post-communist countries
|c edited by Jiří Přibáň, James Young
|
| 264 |
|
1 |
|a London
|a New York
|b Routledge, Taylor & Francis Group
|c 2018
|
| 300 |
|
|
|a vii, 277 strán
|c 23 cm
|
| 336 |
|
|
|a text
|b txt
|2 rdacontent
|
| 337 |
|
|
|a bez média
|b n
|2 rdamedia
|
| 338 |
|
|
|a zväzok
|b nc
|2 rdacarrier
|
| 490 |
1 |
|
|a Routledge revivals
|
| 500 |
|
|
|a Obsahuje profesijné pôsobenie prispievateľov a poznámky
|
| 504 |
|
|
|a Obsahuje bibliografické odkazy
|
| 650 |
0 |
7 |
|a právny štát
|2 SNKPH
|9 4416
|
| 650 |
0 |
7 |
|a Rule of law
|2 SNKPHeng
|9 1637321
|
| 651 |
|
7 |
|a Európa stredná
|2 SNKPHgeo
|9 23970
|
| 651 |
|
7 |
|a Europe, Central
|2 SNKPHeng
|9 98219
|
| 655 |
|
7 |
|a analýzy
|2 SNKPH
|9 22242
|
| 655 |
|
7 |
|a eseje
|2 SNKPH
|9 57030
|
| 655 |
|
7 |
|a zborníky
|2 SNKPH
|9 70165
|
| 655 |
|
7 |
|a Analytic studies
|2 SNKPHeng
|9 278714
|
| 655 |
|
7 |
|a Essays
|2 SNKPHeng
|9 267540
|
| 655 |
|
7 |
|a Papers of several authors
|2 SNKPHEng
|9 153738
|
| 700 |
1 |
|
|a Young, James
|4 edt
|4 aut
|9 409990
|
| 830 |
|
0 |
|a Routledge revivals
|9 351640
|
| 852 |
|
|
|a Slovenská národná knižnica
|
| 919 |
|
|
|a 978-1-138-36425-7
|
| 919 |
|
|
|a 978-0-429-43144-9
|
| 954 |
|
|
|a odborná, vedecká literatúra cudzojazyčná (svetová)
|2 lita
|
| 954 |
|
|
|a odborná, vedecká literatúra pôvodná (slovenská)
|2 lita
|
| 958 |
|
|
|a ZS
|
| 958 |
|
|
|a NB
|
| 999 |
|
|
|c 817005
|d 818935
|
| 952 |
|
|
|t 1
|a SNK
|b SNK
|y NEVYP
|7 1
|p 17A1578353
|o snkSC 214222
|i snk2026/5724
|8 4
|g 159.10
|0 0
|1 0
|2 udc
|4 0
|d 2024-03-27
|l 0
|r 2026-02-24 02:54:00
|w 2026-02-24
|